[Event "Wuerttemberg-chT Rapid"]
[Site "Boeblingen"]
[Date "2024.04.13"]
[Round "9.14"]
[White "Hartmann, Martin"]
[Black "Vaysberg, Alexander"]
[Result "1/2-1/2"]
[WhiteElo "2158"]
[BlackElo "2152"]
[PlyCount "140"]
[EventDate "2024.04.13"]
[EventType "team-tourn"]
[EventRounds "9"]
[EventCountry "GER"]
[SourceTitle "CB17_2024"]
[SourceDate "2024.04.24"]
[SourceVersion "1"]
[SourceVersionDate "2024.04.24"]
[SourceQuality "1"]

1. e4 c5 2. a3 g6 3. Nc3 Bg7 4. Nf3 Nc6 5. Bc4 e6 6. d4 Nxd4 7. Nxd4 cxd4 8. Nb5 Qb6 9. c3 a6 10. Nxd4 Ne7 11. 0-0 0-0 12. b4 Qc7 13. Qd3 b5 14. Bb3 Bb7 15. Be3 d5 16. exd5 Nxd5 17. Rac1 Nxe3 18. Qxe3 Rfd8 19. Rfd1 Bd5 20. Bxd5 Rxd5 21. Rd2 Rad8 22. Rcd1 Qc4 23. h3 Bf6 24. f4 Kg7 25. Qd3 Qxd3 26. Rxd3 Bxd4+ 27. Rxd4 Rxd4 28. cxd4 Rc8 29. Rd3 Rc2 30. Kh2 Kf6 31. Kg3 Ke7 32. d5 exd5 33. Rxd5 Rc3+ 34. Kh4 Rxa3 35. Rc5 h6 36. g4 Ra4 37. Rc7+ Kf6 38. Kg3 Rxb4 39. Rc6+ Kg7 40. Rxa6 Rb1 41. Rb6 b4 42. Kh4 Rb3 43. Rb7 Kf8 44. Rb8+ Ke7 45. Rb7+ Ke6 46. Rb6+ Ke7 47. Rb7+ Kf6 48. Rb6+ Kg7 49. Rb7 Rb1 50. Rb8 b3 51. Rb6 b2 52. Rb7 Kf8 53. f5 Ke8 54. Rb3 gxf5 55. gxf5 Ke7 56. Rb6 Kd7 57. Kh5 Rh1 58. Rxb2 Rxh3+ 59. Kg4 Rh1 60. Re2 Kd6 61. Kg3 Rh5 62. Kg4 Rh1 63. Re8 h5+ 64. Kg5 Kd7 65. Re2 h4 66. Kf6 Rf1 67. Re7+ Kd6 68. Rxf7 h3 69. Rh7 Rf3 70. Rh4 Kd5 1/2-1/2

[Event "Wuerttemberg-chT Rapid"]
[Site "Boeblingen"]
[Date "2024.04.13"]
[Round "6.22"]
[White "Narr, Kevin"]
[Black "Vaysberg, Alexander"]
[Result "1/2-1/2"]
[WhiteElo "1977"]
[BlackElo "2152"]
[PlyCount "128"]
[EventDate "2024.04.13"]
[EventType "team-tourn"]
[EventRounds "9"]
[EventCountry "GER"]
[SourceTitle "CB17_2024"]
[SourceDate "2024.04.24"]
[SourceVersion "1"]
[SourceVersionDate "2024.04.24"]
[SourceQuality "1"]

1. d4 Nf6 2. Nf3 d5 3. Bf4 c5 4. e3 Qb6 5. Nc3 a6 6. a3 Nc6 7. Be2 Bg4 8. dxc5 Qxc5 9. 0-0 e6 10. h3 Bxf3 11. Bxf3 Be7 12. Qd2 0-0 13. Rac1 Rfd8 14. b4 Qa7 15. Rfd1 Rac8 16. Qe1 b5 17. Bh2 Qb6 18. g4 Nxb4 19. axb4 Bxb4 20. Be5 Rc6 21. Rb1 a5 22. Bd4 Qb8 23. Rxb4 axb4 24. Na2 Rxc2 25. Nxb4 Rc4 26. Be2 Rcc8 27. Na6 Qb7 28. Nc5 Qc6 29. Rb1 Rb8 30. Qb4 Rdc8 31. g5 Ne8 32. Bxb5 Qd6 33. Na6 Qxb4 34. Rxb4 Ra8 35. Kg2 Nd6 36. Bd3 Nc4 37. Nc5 e5 38. Bxc4 exd4 39. Bxd5 Ra5 40. exd4 Ra7 41. h4 g6 42. Ne4 Rd8 43. Rb6 Kg7 44. Nf6 h6 45. Rb4 hxg5 46. hxg5 Ra5 47. Bc6 Rxg5+ 48. Kf1 Kxf6 49. d5 Ke5 50. f4+ Kf6 51. fxg5+ Kxg5 52. Rb7 f5 53. Rd7 Rxd7 54. Bxd7 Kf4 55. Bc6 Ke5 56. Kf2 g5 57. Bb7 f4 58. Kf3 Kf5 59. Bc6 g4+ 60. Kf2 Ke5 61. Kg2 Kd6 62. Kf2 Ke5 63. Ke2 Kd6 64. Kf2 Ke5 1/2-1/2

[Event "Stuttgart-chA int"]
[Site "Ditzingen"]
[Date "2014.05.31"]
[Round "7"]
[White "Neyman, Igor"]
[Black "Vaysberg, Alexander"]
[Result "1/2-1/2"]
[WhiteElo "2311"]
[BlackElo "2178"]
[PlyCount "76"]
[EventDate "2014.05.29"]
[EventType "swiss"]
[EventRounds "7"]
[EventCountry "GER"]
[SourceTitle "EXT 2015"]
[Source "ChessBase"]
[SourceDate "2014.11.20"]
[SourceVersion "1"]
[SourceVersionDate "2014.11.20"]
[SourceQuality "1"]

1. Nf3 Nf6 2. c4 e6 3. Nc3 d5 4. d4 dxc4 5. e3 a6 6. a4 c5 7. Bxc4 Nc6 8. 0-0 Be7 9. Qe2 0-0 10. Rd1 Qc7 11. dxc5 Bxc5 12. h3 Bd7 13. e4 Ne5 14. Ba2 Nxf3+ 15. Qxf3 Bc6 16. Be3 Qb6 17. Bxc5 Qxc5 18. Qe2 Qg5 19. Bb1 Rad8 20. Bc2 e5 21. Qe3 Qxe3 22. fxe3 Rfe8 23. b4 Rc8 24. Rd2 Red8 25. Rxd8+ Rxd8 26. Rc1 Kf8 27. Kf2 Rc8 28. Kf3 Bd7 29. Bb3 Be6 30. Bxe6 fxe6 31. Na2 Rxc1 32. Nxc1 Ke7 33. Nb3 b6 34. Nd2 Nd7 35. Nc4 b5 36. axb5 axb5 37. Na3 Nb8 38. Nxb5 Nc6 1/2-1/2

[Event "Stuttgart-chA int"]
[Site "Ditzingen"]
[Date "2014.05.30"]
[Round "5"]
[White "Schroeder, Jan Christian"]
[Black "Vaysberg, Alexander"]
[Result "1-0"]
[WhiteElo "2374"]
[BlackElo "2178"]
[PlyCount "59"]
[EventDate "2014.05.29"]
[EventType "swiss"]
[EventRounds "7"]
[EventCountry "GER"]
[SourceTitle "EXT 2015"]
[Source "ChessBase"]
[SourceDate "2014.11.20"]
[SourceVersion "1"]
[SourceVersionDate "2014.11.20"]
[SourceQuality "1"]

1. Nf3 Nf6 2. d4 d5 3. c4 c6 4. e3 g6 5. Nc3 Bg7 6. Bd3 0-0 7. 0-0 Nbd7 8. cxd5 cxd5 9. Qb3 e6 10. Bd2 Nb8 11. Ne5 Nfd7 12. Nxd7 Bxd7 13. Qxb7 Nc6 14. Nb5 a6 15. Na3 Rb8 16. Qxa6 Rxb2 17. Nb1 e5 18. Qa3 Qb8 19. Bc3 Rb7 20. dxe5 Nxe5 21. Be2 Rc8 22. Bd4 Rc2 23. Nc3 Bf8 24. Qa6 Rbb2 25. Nxd5 Bc8 26. Qf6 Bg7 27. Qd8+ Bf8 28. Bd1 Nc6 29. Nf6+ Kg7 30. Nd7+ 1-0

[Event "Pula op 27th"]
[Site "Pula"]
[Date "2013.06.13"]
[Round "7"]
[White "Vaysberg, Alexander"]
[Black "Romero Holmes, Alfonso"]
[Result "0-1"]
[WhiteElo "2217"]
[BlackElo "2522"]
[PlyCount "82"]
[EventDate "2013.06.08"]
[EventType "swiss"]
[EventRounds "9"]
[EventCountry "CRO"]
[SourceTitle "CBM 154 Extra"]
[Source "ChessBase"]
[SourceDate "2013.06.25"]
[SourceVersion "2"]
[SourceVersionDate "2013.06.25"]
[SourceQuality "1"]

1. e4 d6 2. d4 Nf6 3. Nc3 g6 4. h3 Bg7 5. Nf3 a6 6. a4 b6 7. Bd3 Bb7 8. 0-0 0-0 9. Re1 Nbd7 10. Bf4 e6 11. Qd2 Qb8 12. Bh6 e5 13. Bxg7 Kxg7 14. dxe5 dxe5 15. Nd5 c6 16. Ne3 b5 17. Ng4 Nxg4 18. hxg4 Qd6 19. Rad1 Rad8 20. Qe3 Qe7 21. c3 h6 22. g5 hxg5 23. Qxg5 Qxg5 24. Nxg5 Nc5 25. Bc2 bxa4 26. Nf3 Rxd1 27. Rxd1 Kf6 28. Nh2 Ke6 29. Nf1 a5 30. Ra1 Rb8 31. Bxa4 Nxe4 32. Bb3+ Kf6 33. Rxa5 Bc8 34. Bc2 Nxf2 35. b4 Ng4 36. Rc5 Bd7 37. Bd1 Rb6 38. Ng3 Ne3 39. Bb3 Ra6 40. Ne4+ Kg7 41. Rxe5 Ra1+ 0-1

[Event "Pula op 27th"]
[Site "Pula"]
[Date "2013.06.11"]
[Round "5"]
[White "Vaysberg, Alexander"]
[Black "Drazic, Sinisa"]
[Result "0-1"]
[WhiteElo "2217"]
[BlackElo "2463"]
[PlyCount "88"]
[EventDate "2013.06.08"]
[EventType "swiss"]
[EventRounds "9"]
[EventCountry "CRO"]
[SourceTitle "CBM 154 Extra"]
[Source "ChessBase"]
[SourceDate "2013.06.25"]
[SourceVersion "2"]
[SourceVersionDate "2013.06.25"]
[SourceQuality "1"]

1. e4 d6 2. d4 Nf6 3. f3 g6 4. c4 Bg7 5. Nc3 0-0 6. Be3 c5 7. dxc5 dxc5 8. Qxd8 Rxd8 9. Bxc5 Nc6 10. Rd1 Nd7 11. Be3 b6 12. Nge2 Bb7 13. Nd4 Nxd4 14. Bxd4 Ne5 15. Bxe5 Bxe5 16. Bd3 Rac8 17. Kd2 Rxc4 18. Kc2 Rc7 19. Kb3 Rcd7 20. Kc2 e6 21. h3 h5 22. Bb5 Rxd1 23. Rxd1 Rxd1 24. Nxd1 Kg7 25. Nf2 Bd4 26. Nd3 a6 27. Bc4 h4 28. a4 Kf6 29. b3 Ke7 30. Nb4 a5 31. Nd3 f5 32. exf5 gxf5 33. Nf4 e5 34. Kd3 Bc5 35. Nd5+ Kd6 36. Ne3 e4+ 37. Ke2 Ke5 38. Bf7 Bxe3 39. Kxe3 f4+ 40. Ke2 exf3+ 41. gxf3 Bc8 42. Bh5 Bxh3 43. Bg4 Bxg4 44. fxg4 Kf6 0-1

[Event "Oeffingen op 4th"]
[Site "Oeffingen"]
[Date "2013.05.19"]
[Round "5"]
[White "Koch, Martin"]
[Black "Vaysberg, Alexander"]
[Result "1/2-1/2"]
[WhiteElo "1876"]
[BlackElo "2058"]
[PlyCount "88"]
[EventDate "2013.05.17"]
[EventType "swiss"]
[EventRounds "7"]
[EventCountry "GER"]
[SourceTitle "CBM 154 Extra"]
[Source "ChessBase"]
[SourceDate "2013.06.25"]
[SourceVersion "2"]
[SourceVersionDate "2013.06.25"]
[SourceQuality "1"]

1. e4 d5 2. exd5 Nf6 3. Nf3 Qxd5 4. d4 Bg4 5. Nc3 Qd6 6. Be2 a6 7. Be3 Nc6 8. Qd2 e6 9. h3 Bh5 10. 0-0 0-0-0 11. Rad1 Qb4 12. a3 Qxb2 13. Rb1 Qxa3 14. Rb3 Qa5 15. Rfb1 Bb4 16. Qc1 Bxc3 17. Ra3 Qd5 18. Rxc3 Ne4 19. Rcb3 Na5 20. Ra3 Nc4 21. Bxc4 Qxc4 22. Ne5 Qe2 23. c4 f6 24. Rb2 Qd1+ 25. Qxd1 Bxd1 26. Nf7 Bh5 27. Nxh8 Nd6 28. Rc3 Rxh8 29. Bf4 Rd8 30. Bxd6 Rxd6 31. Rcb3 Rxd4 32. Rxb7 Be8 33. Rb8+ Kd7 34. Ra8 Rxc4 35. Rxa6 e5 36. Rd2+ Rd4 37. Rc2 Bg6 38. Rc1 Be4 39. Ra7 Bc6 40. Ra3 Rd6 41. Rac3 Re6 42. Rd1+ Ke7 43. Rdc1 Kd7 44. Rd1+ Ke7 1/2-1/2

[Event "Oeffingen op 4th"]
[Site "Oeffingen"]
[Date "2013.05.18"]
[Round "2"]
[White "Vaysberg, Alexander"]
[Black "Alber, Wilhelm"]
[Result "1/2-1/2"]
[WhiteElo "2058"]
[BlackElo "1818"]
[PlyCount "48"]
[EventDate "2013.05.17"]
[EventType "swiss"]
[EventRounds "7"]
[EventCountry "GER"]
[SourceTitle "CBM 154 Extra"]
[Source "ChessBase"]
[SourceDate "2013.06.25"]
[SourceVersion "2"]
[SourceVersionDate "2013.06.25"]
[SourceQuality "1"]

1. e4 c6 2. d4 d5 3. e5 Bf5 4. Nf3 e6 5. Be2 Nd7 6. 0-0 c5 7. c4 dxc4 8. Na3 cxd4 9. Nxc4 b5 10. Nd6+ Bxd6 11. exd6 d3 12. Bxd3 Bxd3 13. Qxd3 Qb8 14. Bf4 Ngf6 15. h3 0-0 16. Rac1 Nd5 17. Bg3 Qb7 18. Nd4 a6 19. Nc6 N7b6 20. Rfd1 Rfc8 21. Na5 Qd7 22. b3 Rxc1 23. Rxc1 Rc8 24. Qd2 f6 1/2-1/2

[Event "Stuttgart-chA int"]
[Site "Ditzingen"]
[Date "2013.05.11"]
[Round "6"]
[White "Vaysberg, Alexander"]
[Black "Bluma, Marcel"]
[Result "1-0"]
[WhiteElo "2202"]
[BlackElo "2109"]
[PlyCount "85"]
[EventDate "2013.05.09"]
[EventType "swiss"]
[EventRounds "7"]
[EventCountry "GER"]
[SourceTitle "EXT 2014"]
[Source "ChessBase"]
[SourceDate "2013.11.20"]
[SourceVersion "1"]
[SourceVersionDate "2013.11.20"]
[SourceQuality "1"]

1. d4 d5 2. Nf3 Nf6 3. e3 e6 4. Bd3 Ne4 5. Bxe4 dxe4 6. Nfd2 f5 7. b3 Bd6 8. Qh5+ g6 9. Qe2 Nc6 10. Bb2 e5 11. d5 Nb4 12. Nc4 0-0 13. Nc3 f4 14. a3 f3 15. gxf3 exf3 16. Qd2 Na6 17. h4 Rf5 18. 0-0-0 Rh5 19. Ne4 Nc5 20. Nxc5 Bxc5 21. Nxe5 Qe7 22. b4 Bd6 23. Nc4 Bd7 24. e4 Qf8 25. e5 Be7 26. e6 Bb5 27. Ne3 Bf6 28. Bxf6 Qxf6 29. Qd4 Kg7 30. c4 Ba4 31. Ng4 Qxd4 32. Rxd4 g5 33. Ne3 Kf6 34. hxg5+ Rxg5 35. Rxh7 Ke5 36. Rg4 Rxg4 37. Nxg4+ Kd4 38. Kd2 Kxc4 39. Ne3+ Kd4 40. Rxc7 b6 41. d6 Rd8 42. d7 Ke5 43. Rc8 1-0

[Event "Esslingen op-A 1st"]
[Site "Esslingen"]
[Date "2012.06.08"]
[Round "3.3"]
[White "Krassowizkij, Jaroslaw"]
[Black "Vaysberg, Alexander"]
[Result "1-0"]
[WhiteElo "2392"]
[BlackElo "2198"]
[PlyCount "37"]
[EventDate "2012.06.07"]
[EventType "swiss"]
[EventRounds "7"]
[EventCountry "GER"]
[SourceTitle "EXT 2015"]
[Source "ChessBase"]
[SourceDate "2014.11.20"]
[SourceVersion "1"]
[SourceVersionDate "2014.11.20"]
[SourceQuality "1"]

1. d4 e6 2. c4 Bb4+ 3. Bd2 Qe7 4. g3 Nf6 5. Nf3 b6 6. Bg2 Bb7 7. 0-0 Bxd2 8. Qxd2 0-0 9. Nc3 Ne4 10. Nxe4 Bxe4 11. Qf4 Bxf3 12. Bxf3 c6 13. d5 cxd5 14. cxd5 e5 15. d6 Qxd6 16. Qg4 Nc6 17. Rfd1 Qf6 18. Qxd7 Rac8 19. Rd6 1-0

[Event "Staufer op 24th"]
[Site "Schwaebisch Gmuend"]
[Date "2012.01.06"]
[Round "9"]
[White "Vaysberg, Alexander"]
[Black "Stets, Dmitry"]
[Result "1/2-1/2"]
[WhiteElo "2176"]
[BlackElo "2479"]
[PlyCount "114"]
[EventDate "2012.01.02"]
[EventType "swiss"]
[EventRounds "9"]
[EventCountry "GER"]
[SourceTitle "CBM 146 Extra"]
[Source "ChessBase"]
[SourceDate "2012.02.29"]
[SourceVersion "1"]
[SourceVersionDate "2012.02.29"]
[SourceQuality "1"]

1. d4 Nf6 2. Nf3 g6 3. g3 Bg7 4. Bg2 0-0 5. 0-0 d6 6. c4 Nc6 7. Nc3 Bf5 8. d5 Na5 9. Nd4 Bd7 10. Qd3 c5 11. Nc2 a6 12. Rb1 Qc7 13. h3 Rab8 14. b3 b5 15. Bd2 e6 16. dxe6 Bxe6 17. Ne3 bxc4 18. bxc4 Nc6 19. Ncd5 Qd7 20. Bc3 Ne5 21. Bxe5 dxe5 22. Kh2 Qa4 23. a3 Rfd8 24. Rfd1 h6 25. Qc3 Kh7 26. Qc2 Qxc2 27. Nxc2 Rxb1 28. Rxb1 Bxd5 29. cxd5 e4 30. Ne3 c4 31. Rc1 c3 32. Kg1 Nxd5 33. Rd1 Nxe3 34. Rxd8 c2 35. Rc8 Bb2 36. Bxe4 c1Q+ 37. Rxc1 Bxc1 38. fxe3 Bxa3 39. Bd3 a5 40. Kf2 Bc5 41. Bb5 Kg7 42. Kf3 Kf6 43. Ke4 Bd6 44. g4 Bg3 45. Ba4 Bf2 46. Bb3 Ke7 47. Kf3 Be1 48. Ke4 Bd2 49. Kd3 Bb4 50. Kd4 f6 51. Kd5 Bc3 52. Ba4 f5 53. gxf5 g5 54. e4 h5 55. e5 g4 56. hxg4 hxg4 57. f6+ Kf7 1/2-1/2

[Event "Staufer op 24th"]
[Site "Schwaebisch Gmuend"]
[Date "2012.01.05"]
[Round "8"]
[White "Gheng, Josef"]
[Black "Vaysberg, Alexander"]
[Result "1/2-1/2"]
[WhiteElo "2349"]
[BlackElo "2176"]
[PlyCount "126"]
[EventDate "2012.01.02"]
[EventType "swiss"]
[EventRounds "9"]
[EventCountry "GER"]
[SourceTitle "CBM 146 Extra"]
[Source "ChessBase"]
[SourceDate "2012.02.29"]
[SourceVersion "1"]
[SourceVersionDate "2012.02.29"]
[SourceQuality "1"]

1. e4 d5 2. exd5 Nf6 3. Bb5+ Bd7 4. Bc4 b5 5. Be2 Nxd5 6. d4 e6 7. Nf3 c5 8. Ne5 a6 9. Nxd7 Nxd7 10. 0-0 Bd6 11. dxc5 Nxc5 12. Bf3 0-0 13. g3 Be7 14. Nd2 Qc7 15. c4 bxc4 16. Nxc4 Rfd8 17. Qe2 Rac8 18. Bd2 Qb8 19. Ba5 Re8 20. b3 Nb7 21. Bd2 Nd6 22. Nxd6 Qxd6 23. Rac1 Bf6 24. Qd3 Qa3 25. Rc2 Rxc2 26. Qxc2 Nb4 27. Qc1 Bb2 28. Qc5 a5 29. Be4 Qxa2 30. Bxb4 axb4 31. Qc2 Qa3 32. Bxh7+ Kh8 33. Rd1 Bc3 34. Rd7 Rf8 35. Be4 Qb2 36. Qd1 g6 37. Qd6 Bg7 38. Qxb4 Qe5 39. Bd3 Kg8 40. Kg2 Bf6 41. Qg4 Rd8 42. Rxd8+ Bxd8 43. Bc4 Kg7 44. h4 Bb6 45. Qf3 Qf6 46. Qe2 Qd4 47. b4 Qf6 48. f4 Qd4 49. Kh3 Qg1 50. Qf3 Qd4 51. Qc6 Qg1 52. b5 Bf2 53. Qf3 Bb6 54. g4 Qd4 55. Bd3 Bc7 56. f5 exf5 57. gxf5 Bd8 58. Qg3 Bxh4 59. Qf3 Bf6 60. fxg6 fxg6 61. Qg3 g5 62. Qc7+ Kf8 63. Qc8+ Ke7 1/2-1/2

[Event "Wuerttemberg-ch KT"]
[Site "Lauffen am Neckar"]
[Date "2011.09.02"]
[Round "7"]
[White "Vaysberg, Alexander"]
[Black "Ruff, Robert"]
[Result "1-0"]
[WhiteElo "2217"]
[BlackElo "1785"]
[PlyCount "125"]
[EventDate "2011.08.26"]
[EventType "swiss"]
[EventRounds "9"]
[EventCountry "GER"]
[SourceTitle "EXT 2017"]
[Source "ChessBase"]
[SourceDate "2016.10.25"]
[SourceVersion "1"]
[SourceVersionDate "2016.10.25"]
[SourceQuality "1"]

1. e4 e6 2. d4 d5 3. e5 c5 4. c3 Nc6 5. Nf3 Qb6 6. a3 a5 7. b3 Bd7 8. Be3 h5 9. Bd3 Nh6 10. 0-0 Nf5 11. Bxf5 exf5 12. Nbd2 Be7 13. Kh1 Be6 14. h4 0-0 15. Ng5 cxd4 16. cxd4 g6 17. Ndf3 Rac8 18. Qd3 Rc7 19. Bd2 Rfc8 20. Rfb1 Na7 21. Qe3 Rc2 22. Nxe6 Qxe6 23. Bxa5 Nb5 24. Bd2 Nc3 25. Rc1 Ne4 26. Rxc2 Rxc2 27. Rc1 Rxc1+ 28. Bxc1 Qa6 29. Kg1 Bxa3 30. Bxa3 Qxa3 31. e6 Kg7 32. exf7 Kxf7 33. Ne5+ Kg7 34. f3 Ng3 35. Qg5 Qc1+ 36. Kf2 Qxg5 37. hxg5 f4 38. Nd3 Nf5 39. Nxf4 Nxd4 40. b4 Kf7 41. Nd3 Nf5 42. Ne5+ Kg7 43. Ke2 Nd4+ 44. Kf2 Nf5 45. g4 hxg4 46. Nxg4 Kf8 47. Ne5 Ne7 48. b5 Kg7 49. Kg3 Nf5+ 50. Kf4 Nd6 51. b6 Nf5 52. Nd7 Nd4 53. Nc5 Kf7 54. Ke5 Nxf3+ 55. Kxd5 Nxg5 56. Nxb7 Ne6 57. Kc6 g5 58. Nc5 Nd8+ 59. Kd7 Nb7 60. Nxb7 g4 61. Nd6+ Kg6 62. b7 g3 63. b8Q 1-0

[Event "Wuerttemberg-ch KT"]
[Site "Lauffen am Neckar"]
[Date "2011.08.31"]
[Round "5"]
[White "Vaysberg, Alexander"]
[Black "Maier, Armin"]
[Result "1/2-1/2"]
[WhiteElo "2217"]
[BlackElo "2066"]
[PlyCount "142"]
[EventDate "2011.08.26"]
[EventType "swiss"]
[EventRounds "9"]
[EventCountry "GER"]
[SourceTitle "EXT 2017"]
[Source "ChessBase"]
[SourceDate "2016.10.25"]
[SourceVersion "1"]
[SourceVersionDate "2016.10.25"]
[SourceQuality "1"]

1. e4 c5 2. f4 Nc6 3. Nf3 g6 4. c3 e6 5. d4 d5 6. e5 Qb6 7. a3 a5 8. b3 Nh6 9. Be3 Nf5 10. Bf2 h5 11. Bd3 Bd7 12. 0-0 a4 13. Bxf5 gxf5 14. dxc5 Bxc5 15. b4 Bxf2+ 16. Rxf2 Ne7 17. Qd4 Qc7 18. Nbd2 b5 19. Ng5 Nc8 20. Rf3 Nb6 21. Rg3 Rc8 22. Rd1 Qd8 23. Nh7 Nc4 24. Nf6+ Kf8 25. Nxc4 Rxc4 26. Qa7 Be8 27. Qf2 Qc7 28. Qf3 Qb6+ 29. Kh1 Bc6 30. h4 Ke7 31. Rd3 Ba8 32. Rg8 Rc8 33. Rxc8 Rxc8 34. Qxh5 Qf2 35. Rf3 Qe1+ 36. Kh2 d4 37. Rg3 Rxc3 38. Rxc3 Qxc3 39. Qg5 Qc6 40. Nd5+ Kd7 41. Qe7+ Kc8 42. Qf8+ Kb7 43. Qxf7+ Kb8 44. Qf8+ Ka7 45. Qg7+ Bb7 46. Ne7 Qc7 47. h5 d3 48. h6 d2 49. h7 d1Q 50. h8Q Qcc1 51. Nc8+ Ka6 52. Qxb7+ Kxb7 53. Nd6+ Qxd6 54. exd6 Qxf4+ 55. g3 Qxd6 56. Qg7+ Kb6 57. Qc3 Qd5 58. Qe3+ Kc6 59. Qc3+ Kd6 60. Qe3 Qc4 61. Qb6+ Kd5 62. Qd8+ Ke4 63. Qd2 Qd3 64. Qf4+ Kd5 65. Qc7 Qxa3 66. Qc5+ Ke4 67. Qc6+ Ke5 68. Qxb5+ Kf6 69. Qc5 Qb2+ 70. Kh3 a3 71. b5 Qb3 1/2-1/2

[Event "Wuerttemberg-ch KT"]
[Site "Lauffen am Neckar"]
[Date "2011.08.30"]
[Round "4"]
[White "Hahn, Alexander"]
[Black "Vaysberg, Alexander"]
[Result "0-1"]
[WhiteElo "1829"]
[BlackElo "2217"]
[PlyCount "105"]
[EventDate "2011.08.26"]
[EventType "swiss"]
[EventRounds "9"]
[EventCountry "GER"]
[SourceTitle "EXT 2017"]
[Source "ChessBase"]
[SourceDate "2016.10.25"]
[SourceVersion "1"]
[SourceVersionDate "2016.10.25"]
[SourceQuality "1"]

1. d4 d5 2. Nf3 Nc6 3. e3 Nf6 4. c4 e6 5. Nc3 Bb4 6. Bd3 0-0 7. Qc2 Bd6 8. a3 dxc4 9. Bxc4 e5 10. dxe5 Nxe5 11. Nxe5 Bxe5 12. Bd2 c6 13. Rd1 Re8 14. Ne2 Qc7 15. Bc3 Bxc3+ 16. Nxc3 Bg4 17. Be2 Rad8 18. 0-0 h6 19. Rxd8 Rxd8 20. Rd1 Bxe2 21. Qxe2 Rd7 22. Rxd7 Qxd7 23. Qd1 Qxd1+ 24. Nxd1 Kf8 25. Kf1 Ke7 26. Ke2 Kd6 27. Kd3 b5 28. f3 a5 29. Nc3 a4 30. Na2 Nd7 31. Nc3 Ne5+ 32. Kc2 Nc4 33. Nd1 c5 34. Kc3 f5 35. Kd3 Ne5+ 36. Kc2 Kd5 37. Kc3 Nc6 38. Nf2 b4+ 39. axb4 cxb4+ 40. Kc2 Kc4 41. Nd3 g5 42. g3 b3+ 43. Kd2 Nb4 44. Ne5+ Kd5 45. Nd3 Kc4 46. Ne5+ Kb5 47. Kc1 Nc2 48. e4 fxe4 49. fxe4 Kc5 50. Nf7 Kd4 51. Nxh6 a3 52. Nf5+ Kd3 53. Nd4 0-1

[Event "Wuerttemberg-ch KT"]
[Site "Lauffen am Neckar"]
[Date "2011.08.27"]
[Round "1"]
[White "Vaysberg, Alexander"]
[Black "Hartmann, Thomas"]
[Result "1-0"]
[WhiteElo "2217"]
[BlackElo "1999"]
[PlyCount "47"]
[EventDate "2011.08.26"]
[EventType "swiss"]
[EventRounds "9"]
[EventCountry "GER"]
[SourceTitle "EXT 2017"]
[Source "ChessBase"]
[SourceDate "2016.10.25"]
[SourceVersion "1"]
[SourceVersionDate "2016.10.25"]
[SourceQuality "1"]

1. e4 d5 2. exd5 Nf6 3. c4 e6 4. dxe6 Bxe6 5. Be2 Bc5 6. Nf3 Nc6 7. 0-0 0-0 8. d3 Nd4 9. Nxd4 Bxd4 10. Nd2 Bb6 11. Nf3 c5 12. Bg5 Qd6 13. Bh4 Nh5 14. Ng5 Bc7 15. g3 Nf6 16. Nxe6 fxe6 17. Bg5 Nd7 18. Bf3 Rf5 19. Be3 Raf8 20. Be4 Re5 21. f4 Rxf4 22. gxf4 Rg5+ 23. Kh1 Nf6 24. Qe2 1-0

[Event "Fellbach Oeffingen op 2nd"]
[Site "Fellbach Oeffingen"]
[Date "2011.06.13"]
[Round "5"]
[White "Huettig, Michael"]
[Black "Vaysberg, Alexander"]
[Result "1/2-1/2"]
[WhiteElo "2078"]
[BlackElo "2146"]
[PlyCount "113"]
[EventDate "2011.06.11"]
[EventType "swiss"]
[EventRounds "7"]
[EventCountry "GER"]
[SourceTitle "CBM 142 Extra"]
[Source "ChessBase"]
[SourceDate "2011.06.27"]
[SourceVersion "1"]
[SourceVersionDate "2011.06.27"]
[SourceQuality "1"]

1. Nf3 d5 2. c4 c6 3. b3 Bg4 4. g3 Nf6 5. Bg2 e6 6. 0-0 Nbd7 7. d3 Be7 8. Nbd2 0-0 9. h3 Bh5 10. g4 Bg6 11. Nh4 e5 12. Nxg6 hxg6 13. Bb2 Bd6 14. cxd5 Nxd5 15. Ne4 Be7 16. e3 f5 17. Nc3 Nxc3 18. Bxc3 Bf6 19. Qc2 Nb6 20. e4 fxg4 21. hxg4 Qe7 22. a4 Bg5 23. d4 Bf4 24. dxe5 Qh4 25. Rfd1 Qxg4 26. Qd3 Rae8 27. a5 Nc8 28. Qh3 Qxh3 29. Bxh3 Bxe5 30. Bxe5 Rxe5 31. Rd7 Rxe4 32. Rxb7 Nd6 33. Rxa7 Re2 34. Rd1 Ne4 35. Re7 Nc3 36. Rxe2 Nxe2+ 37. Kf1 Nf4 38. Bg4 Ra8 39. Rd4 g5 40. Ra4 Kf7 41. Bd7 Rd8 42. Rxf4+ gxf4 43. Bxc6 Ke7 44. b4 Rd2 45. a6 Rc2 46. b5 Kd6 47. Kg2 Kc5 48. Kf3 Kb6 49. Kxf4 Rxf2+ 50. Kg5 Rf6 51. Kh5 Rd6 52. Kg5 Rd1 53. Kf4 Rg1 54. Kf3 g5 55. Kf2 Ra1 56. Kg3 Ra4 57. Kf3 1/2-1/2

[Event "Fellbach Oeffingen op 2nd"]
[Site "Fellbach Oeffingen"]
[Date "2011.06.13"]
[Round "6"]
[White "Vaysberg, Alexander"]
[Black "Engbrecht, Helmut"]
[Result "1-0"]
[WhiteElo "2146"]
[BlackElo "1921"]
[PlyCount "93"]
[EventDate "2011.06.11"]
[EventType "swiss"]
[EventRounds "7"]
[EventCountry "GER"]
[SourceTitle "CBM 142 Extra"]
[Source "ChessBase"]
[SourceDate "2011.06.27"]
[SourceVersion "1"]
[SourceVersionDate "2011.06.27"]
[SourceQuality "1"]

1. d4 d5 2. Nf3 Nc6 3. Bf4 e6 4. e3 Nf6 5. c4 Bb4+ 6. Nc3 Ne4 7. Qc2 g5 8. Bg3 h5 9. Ne5 h4 10. Nxc6 bxc6 11. Be5 Rg8 12. h3 f6 13. Bh2 f5 14. f3 Nxc3 15. bxc3 Bd6 16. Bxd6 Qxd6 17. Rb1 Ba6 18. c5 Qg3+ 19. Qf2 Qxf2+ 20. Kxf2 Bxf1 21. Rhxf1 Kd7 22. g4 Rgf8 23. Kg2 Rab8 24. Rb4 a5 25. Rb3 Rb5 26. Rfb1 Rfb8 27. f4 gxf4 28. exf4 fxg4 29. hxg4 Ke7 30. Rxb5 cxb5 31. Kh3 c6 32. Kxh4 Kf6 33. Kg3 Rh8 34. Kg2 Rh4 35. Kg3 Rh8 36. Re1 b4 37. cxb4 axb4 38. g5+ Kf7 39. Rb1 Rb8 40. Rb3 Ra8 41. Rxb4 Rxa2 42. Rb7+ Kg6 43. Kg4 Rd2 44. Re7 Rg2+ 45. Kf3 Rd2 46. Rxe6+ Kf7 47. Rf6+ 1-0

[Event "Stuttgart-chA int"]
[Site "Gerlingen"]
[Date "2011.06.03"]
[Round "4"]
[White "Vaysberg, Alexander"]
[Black "Gabriel, Josef"]
[Result "1-0"]
[WhiteElo "2203"]
[BlackElo "2113"]
[PlyCount "117"]
[EventDate "2011.06.02"]
[EventType "swiss"]
[EventRounds "7"]
[EventCountry "GER"]
[SourceTitle "EXT 2018"]
[Source "ChessBase"]
[SourceDate "2017.10.13"]
[SourceVersion "1"]
[SourceVersionDate "2017.10.13"]
[SourceQuality "1"]

1. e4 g6 2. d4 Bg7 3. f4 d6 4. Nf3 a6 5. c4 c5 6. dxc5 Qa5+ 7. Nc3 dxc5 8. Bd2 Qd8 9. Qb3 Nf6 10. e5 Ng4 11. h3 Nh6 12. g4 Bd7 13. 0-0-0 Bc6 14. Bg2 e6 15. Be3 Qe7 16. Na4 Nd7 17. Rxd7 Bxd7 18. Bxc5 Bxa4 19. Qxa4+ Qd7 20. Qxd7+ Kxd7 21. Rd1+ Kc7 22. Bd6+ Kc8 23. Ng5 Rd8 24. Nxh7 a5 25. Rd3 Ra6 26. Rb3 Rd7 27. c5 Ng8 28. c6 Rxd6 29. cxb7+ Kb8 30. exd6 Rxd6 31. Rb5 Ne7 32. Rxa5 Nd5 33. Bxd5 exd5 34. Rb5 Bd4 35. Kd2 Bb6 36. a4 Bc7 37. g5 Ra6 38. Nf6 Bxf4+ 39. Kd3 Rd6 40. a5 Rd8 41. a6 Ka7 42. Rxd5 Rh8 43. Ke4 Bh2 44. Rd2 Bb8 45. Rc2 Kxa6 46. Nd7 Rh4+ 47. Kd5 Kxb7 48. Nxb8 Kxb8 49. Rc3 Rf4 50. Kd6 f6 51. h4 f5 52. Ke5 Rxh4 53. Kf6 Rb4 54. Kxg6 f4 55. b3 Rb7 56. Kh6 Rc7 57. Rd3 Rc2 58. g6 Rh2+ 59. Kg5 1-0